000 00441nam a2200169Ia 4500
005 20260429111918.0
008 260429s9999||||xx |||||||||||||| ||und||
020 _a9788119671328
041 _aEnglish
082 _a500
_bPOI
100 _aPoincare, Henri
245 0 _aScience and hypothesis /
_cHenri Poincare
260 _aChennai :
_bNational Academic Press,
_c2024.
300 _axiv, 272 p.; hb
650 _aScience
942 _cTB
999 _c51392
_d51392